00490nam a2200193Ia 4500003000400000005001700004008004100021020001500062040000700077041001200084082001900096100002200115245004000137260004100177365001300218650001400231650002200245700002900267OSt20250726160227.0210423s2002 xx 000 0 und d a8170998352 cAL aEnglish a307.762 bMISP aAnil Dutta Mishra aPanchayati raj gandhian perspective aNew DelhibMittal Publicationsc2002 b395cINR aSociology aUrban Communities aDadage, Mahadev Shivappa